Perceiving, behaving, becoming : lessons learned /

Saved in:
Bibliographic Details
Other Authors: Freiberg, H. Jerome
Format: Book
Language:English
Published: Alexandria, Va. : Association for Supervision and Curriculum Development, [1999]
Subjects:
LEADER 04022cam a2200457 i 4500
001 c000405870
003 CARM
005 20200807113713.0
008 200807t19991999vau b 000 0 eng
010 |a 98058125 
019 1 |a 69794394  |5 LACONCORD2021 
020 |a 0871203413 
020 |a 9780871203410 
035 |a (OCoLC)40588631  |5 LACONCORD2021 
040 |a DLC  |b eng  |e rda  |c DLC  |d GZI  |d LVB  |d BAKER  |d BTCTA  |d YDXCP  |d DEBBG  |d BDX  |d IG  |d OCLCO  |d OCLCF  |d OCLCQ  |d OCLCO  |d OCLCQ  |d AU@  |d XFF  |d CSA  |d OCLCQ 
042 |a pcc 
043 |a n-us--- 
050 0 0 |a LA217.2  |b .P45 1999 
082 0 0 |a 370.15  |2 21 
245 0 0 |a Perceiving, behaving, becoming :  |b lessons learned /  |c edited by H. Jerome Freiberg. 
264 1 |a Alexandria, Va. :  |b Association for Supervision and Curriculum Development,  |c [1999] 
264 4 |c ©1999 
300 |a xv, 162 pages ;  |c 23 cm 
336 |a text  |b txt  |2 rdacontent 
337 |a unmediated  |b n  |2 rdamedia 
338 |a volume  |b nc  |2 rdacarrier 
504 |a Includes bibliographical references. 
505 0 |a The fully functioning self / Earl C. Kelley -- The missing context in "The fully functioning self" : race and class / Norman A. Newberg -- Educating competent and confident individuals / Mary R. Sudzina -- Toward becoming a fully functioning person / Carl R. Rogers -- Carl Rogers : his enduring message / H. Jerome Freiberg -- Austin High School for teaching professions and the "fully functioning person" / Dottie Bonner -- Quest High School's mission and the "fully functioning person" / Lawrence Kohn -- The high school counselor and the "fully functioning person" / Carolyn A. Jackson -- Some basic propositions of a growth and self-actualization psychology / A.H. Maslow -- A look at Maslow's "Basic propositions" / Alfie Kohn -- Maslow and a place called school / Christopher Day and Dolf van Veen -- A perceptual view of the adequate personality / Arthur W. Combs -- What does recent research say about the "truly adequate person"? / Hermine H. Marshall -- What role does perceptual psychology play in educational reform today? / Barbara L. McCombs. 
630 0 0 |a Yearbook (Association for Supervision and Curriculum Development) 
650 0 |a Education  |x Aims and objectives  |z United States. 
650 0 |a Educational psychology. 
650 0 |a Affective education  |z United States. 
650 0 |a Education, Humanistic  |z United States. 
700 1 |a Freiberg, H. Jerome. 
880 0 |6 505-00  |a The fully functioning self / Earl C. Kelley -- The missing context in "The fully functioning self" : race and class / Norman A. Newberg -- Educating competent and confident individuals : revisiting Earl Kelley's "Fully functioning self" / Mary R. Sudzina -- Toward becoming a fully functioning person / Carl R. Rogers -- Carl Rogers : his enduring message / H. Jerome Freiberg -- Helping students become "fully functioning persons" at Austin High School for teaching professions / Dottie Bonner -- Quest High School's mission and the "fully functioning person" / Lawrence Kohn -- The high school counselor and Carl Rogers' "fully functioning person" / Carolyn A. Jackson -- Some basic propositions of a growth and self-actualization psychology / A. H. Maslow -- Response to Maslow's "Some basic propositions..." / Alfie Kohn -- Maslow and a place called school / Christopher Day and Dolf van Veen -- Perceptual view of the adequate personality / Arthur W. Combs -- What does recent research have to say about the "truly adequate person"/ Hermine H. Marshall -- What role does perceptual psychology play in today's educational reform agenda/ Barbara L. McCombs.1000000000 α@ 
852 8 |b CARM  |i C13820  |p 0657004  |f BK 
852 8 |b SCAN  |h A3:AG06G0  |i C13820  |p 0657004  |f BK 
852 8 |b SCAN  |h A3:AG06G0  |i C13820  |p 0657004  |f BK 
999 f f |i e0ea77fb-b7ed-5ede-a0de-d466d6cb9e6c  |s 98c91214-49fe-553e-bf53-b5f0078b0c24 
952 f f |p Can circulate  |a CAVAL  |b CAVAL  |c CAVAL  |d CARM 1 Store  |e C13820  |h Other scheme  |i book  |m 0657004 
952 f f |a CAVAL  |b CAVAL  |c CAVAL  |d Unmapped Location  |e C13820  |f A3:AG06G0  |h Other scheme